<The> New Values and Consumer Behaviour Some Empirical Findings From Austria

Gespeichert in:
Bibliographische Detailangaben
1. Verfasser: Lassnigg, Lorenz
Format: Buch
Sprache:Englisch
Veröffentlicht: Wien Institut für Höhere Studien 1991
Ausgabe:1. ed.
Schriftenreihe:Sonderdruck No. 2
Schlagworte:
Tags: Tag hinzufügen
Keine Tags, Fügen Sie das erste Tag hinzu!

MARC

LEADER 00000nam a2200000 4500
001 c005611
005 20221214094331.4
041 0 |a eng 
044 |a AT 
245 1 0 |a <The> New Values and Consumer Behaviour  |b Some Empirical Findings From Austria  |c Lorenz Lassnigg 
250 |a 1. ed. 
264 1 |a Wien  |b Institut für Höhere Studien  |c 1991 
300 |a S. 333-345 
490 1 |a Sonderdruck  |v No. 2 
830 0 |a Sonderdruck  |v No. 2 
610 2 0 |a spotrebitelia 
610 2 0 |a správanie 
610 2 0 |a Rakúsko 
100 1 |a Lassnigg, Lorenz